000 00446nam a2200169Ia 4500
008 090711s9999 xx 000 0 und d
082 _b61134
100 _aलागू िSतांामणी
245 _aफरार
260 _c1988
300 _a198
600 _aलागू िSतांामणी
630 _aफरार
700 _aलागू िSतांामणी
730 _aफरार
942 _cBOOK
999 _c294117
_d294117